1647 1269 1771 1374 1124 1774 1709 1568 1486 1399 1992 1609 1534 1231 1850 1928 2000 1460 1006 1648 1299 1445 1461 1202 1534 1013 1983 1361 1020 1549 1895 1367 1674 1664 1662 1810 1733 1969 1267 1142 1771 1327 1779 1269 1281 1669 1294 1069 1863 1648 1045 1485 1713 1973 1623 1781 1271 1148 1796 1848 1235 1251 1552 1498 1054 1940 1603 1878 1878 1294 1966 1896 1182 1286 1460 1054 1650 1225 1628 1618 1868 1782 1982 1786 1510 1359 1155 1713 1298 1316 1132 1454 1677 1985 1403 1987 1159 1742 1428 BCNSPRNW ULIB Ver.6.0+V

เปลี่ยนเป็นภาษาไทย

Change to English
 แสดงรายละเอียดบรรณานุกรม
  กลับหน้าหลัก

Brief Record : Get Marc (ISO 2709) : E-mail record : QR code < ปิดหน้าต่าง
LEADER : 00000nam 2200000uu 4500
001    13399120832
003     ULIB
008    121018s2553||||th 000 0 tha d
020    ^a9786167005102
050  4 ^aBQ4190^bร243ธ ล.2 2553
100 1  ^aระพี สาคริก
245 10 ^aธรรมะธรรมชาติ เล่ม 2/^cระพี สาคริก
250    ^aพิมพ์ครั้งที่ 1
260    ^aกรุงเทพฯ :^bไบรท์,^c2553
300    ^a175 หน้า
650  7 ^aธรรมชาติ
650  7 ^aธรรมะกับชีวิต
650  7 ^aความสุข
945    ^p99^l0^i17684
945    ^p99^l0^i17683
995    ^aกัณชพร
999 ^a ใช้งานได้ทุกระบบ
รายการนี้ยังไม่มีแท็ก
คุณยังไม่ได้ล็อกอิน คุณสามารถมีกิจกรรมร่วมกับเว็บไซต์ได้ แต่ต้องล็อกอินก่อน ::
  ล็อกอิน

รายการสื่อสารสนเทศ

ลำดับที่ ประเภท เลขเรียก/บาร์โค้ด สถานที่ สถานะ
1. วิทยาศาสตร์การแพทย์ และสุขภาพ
วิทยาศาสตร์การแพทย์ และสุขภาพ
BQ4190 ร243ธ ล.2 2553  
  Barcode: 17684
ห้องสมุดวิทยาเขตสวรรค์ประชารักษ์
►หนังสือทั่วไป
บนชั้น
2. วิทยาศาสตร์การแพทย์ และสุขภาพ
วิทยาศาสตร์การแพทย์ และสุขภาพ
BQ4190 ร243ธ ล.2 2553 ฉ.2 
  Barcode: 17683
ห้องสมุดวิทยาเขตสวรรค์ประชารักษ์
►หนังสือทั่วไป
บนชั้น

รายการใกล้เคียง
    ผู้แต่ง [ระพี สาคริก]

    หัวเรื่อง [ธรรมชาติ]
    หัวเรื่อง [ธรรมะกับชีวิต]
    หัวเรื่อง [ความสุข]

BibComment


ยังไม่เคยถูกคอมเมนท์

คอมเมนท์ทรัพยากรรายการนี้
  คอมเมนท์: ธรรมะธรรมชาติ เล..


 Copyright 2026. Bcnsprnw @Library